<?xml version="1.0" encoding="UTF-8"?>
<record
    xmlns:xsi="http://www.w3.org/2001/XMLSchema-instance"
    xsi:schemaLocation="http://www.loc.gov/MARC21/slim http://www.loc.gov/standards/marcxml/schema/MARC21slim.xsd"
    xmlns="http://www.loc.gov/MARC21/slim">

  <leader>01142nam a22002897a 4500</leader>
  <controlfield tag="001">33637</controlfield>
  <controlfield tag="003">DO-SdBNP</controlfield>
  <controlfield tag="005">20230329131040.0</controlfield>
  <controlfield tag="007">33637</controlfield>
  <controlfield tag="008">920227s1989   sp |   |||| ||spa  </controlfield>
  <datafield tag="020" ind1=" " ind2=" ">
    <subfield code="a">8478500162</subfield>
  </datafield>
  <datafield tag="040" ind1=" " ind2=" ">
    <subfield code="a">BPMSU</subfield>
    <subfield code="b">spa</subfield>
    <subfield code="c">BPMSU</subfield>
  </datafield>
  <datafield tag="082" ind1=" " ind2="4">
    <subfield code="a">323.352</subfield>
    <subfield code="b">C749b 1989</subfield>
    <subfield code="2">22</subfield>
  </datafield>
  <datafield tag="111" ind1="2" ind2=" ">
    <subfield code="a">Congreso Internacional Infancia y Sociedad </subfield>
    <subfield code="n">(1:</subfield>
    <subfield code="d">1989 : 20-23 noviembre</subfield>
    <subfield code="c">Madrid )</subfield>
  </datafield>
  <datafield tag="245" ind1="1" ind2="0">
    <subfield code="a">Bienestar y derechos sociales de la infancia /</subfield>
    <subfield code="c">edici&#xF3;n coordinada y revisada por Jos&#xE9; S&#xE1;nchez Cervantes</subfield>
    <subfield code="b"> </subfield>
  </datafield>
  <datafield tag="260" ind1=" " ind2=" ">
    <subfield code="a">Madrid :</subfield>
    <subfield code="b">Direcci&#xF3;n General de Protecci&#xF3;n Jur&#xED;dica del Menor,</subfield>
    <subfield code="c">1991.</subfield>
  </datafield>
  <datafield tag="300" ind1=" " ind2=" ">
    <subfield code="a">3 v.</subfield>
    <subfield code="c">26 cm</subfield>
  </datafield>
  <datafield tag="504" ind1=" " ind2=" ">
    <subfield code="a">Bibliograf&#xED;a</subfield>
  </datafield>
  <datafield tag="505" ind1="0" ind2=" ">
    <subfield code="g">v. 1 : </subfield>
    <subfield code="g">v. 2-3 : </subfield>
    <subfield code="t"> Conferencias plenarias </subfield>
    <subfield code="g">v. 2-3 : </subfield>
    <subfield code="t"> Ponencias y comunicaciones &#xE1;rea 5 -8</subfield>
  </datafield>
  <datafield tag="590" ind1=" " ind2=" ">
    <subfield code="6">Inventariado, 2023/VM</subfield>
  </datafield>
  <datafield tag="650" ind1=" " ind2="4">
    <subfield code="a">Ni&#xF1;os </subfield>
    <subfield code="x">Derechos </subfield>
    <subfield code="v">Congresos, conferencias, etc. </subfield>
  </datafield>
  <datafield tag="650" ind1=" " ind2="4">
    <subfield code="a">Protecci&#xF3;n de menores </subfield>
    <subfield code="v">Congresos, conferencias, etc. </subfield>
  </datafield>
  <datafield tag="700" ind1="1" ind2=" ">
    <subfield code="a">S&#xE1;nchez Cervantes, Jos&#xE9;</subfield>
    <subfield code="e">ed. </subfield>
  </datafield>
  <datafield tag="710" ind1="2" ind2=" ">
    <subfield code="a">Direcci&#xF3;n General de Protecci&#xF3;n Jur&#xED;dica del Menor</subfield>
  </datafield>
  <datafield tag="910" ind1=" " ind2=" ">
    <subfield code="a">VMateo V. Control de calidad (BPMSU)</subfield>
  </datafield>
  <datafield tag="942" ind1=" " ind2=" ">
    <subfield code="2">ddc</subfield>
    <subfield code="c">BK</subfield>
  </datafield>
  <datafield tag="952" ind1=" " ind2=" ">
    <subfield code="0">0</subfield>
    <subfield code="1">0</subfield>
    <subfield code="2">ddc</subfield>
    <subfield code="4">0</subfield>
    <subfield code="7">0</subfield>
    <subfield code="8">CG</subfield>
    <subfield code="a">BPMET</subfield>
    <subfield code="b">BPMET</subfield>
    <subfield code="d">2015-11-16</subfield>
    <subfield code="e">FUNDI</subfield>
    <subfield code="o">BPMSU CG 323.352 C749b 1989</subfield>
    <subfield code="p">BPMSU15110279</subfield>
    <subfield code="r">2015-11-16</subfield>
    <subfield code="t">v.1</subfield>
    <subfield code="w">2015-11-16</subfield>
    <subfield code="y">BK</subfield>
  </datafield>
  <datafield tag="952" ind1=" " ind2=" ">
    <subfield code="0">0</subfield>
    <subfield code="1">0</subfield>
    <subfield code="2">ddc</subfield>
    <subfield code="4">0</subfield>
    <subfield code="7">0</subfield>
    <subfield code="8">CG</subfield>
    <subfield code="a">BPMET</subfield>
    <subfield code="b">BPMET</subfield>
    <subfield code="d">2015-11-16</subfield>
    <subfield code="e">FUNDI</subfield>
    <subfield code="o">BPMSU CG 323.352 C749b 1989</subfield>
    <subfield code="p">BPMSU15110280</subfield>
    <subfield code="r">2015-11-16</subfield>
    <subfield code="t">v.2</subfield>
    <subfield code="w">2015-11-16</subfield>
    <subfield code="y">BK</subfield>
  </datafield>
  <datafield tag="952" ind1=" " ind2=" ">
    <subfield code="0">0</subfield>
    <subfield code="1">0</subfield>
    <subfield code="2">ddc</subfield>
    <subfield code="4">0</subfield>
    <subfield code="7">0</subfield>
    <subfield code="8">CG</subfield>
    <subfield code="a">BPMET</subfield>
    <subfield code="b">BPMET</subfield>
    <subfield code="d">2015-11-16</subfield>
    <subfield code="e">FUNDI</subfield>
    <subfield code="o">BPMSU CG 323.352 C749b 1989</subfield>
    <subfield code="p">BPMSU15110281</subfield>
    <subfield code="r">2015-11-16</subfield>
    <subfield code="t">v.3</subfield>
    <subfield code="w">2015-11-16</subfield>
    <subfield code="y">BK</subfield>
  </datafield>
  <datafield tag="999" ind1=" " ind2=" ">
    <subfield code="c">8723</subfield>
    <subfield code="d">8723</subfield>
  </datafield>
</record>
